000 00805cam a22002653a 4500
001 19436
003 PGUSA
005 20140828083419.0
008 061002s2006||||xxu|||||s|||||000 1 eng d
040 _aPGUSA
_beng
042 _adc
050 4 _aPS
100 1 _aProuty, Olive Higgins,
_d1882-1974
245 1 4 _aThe Fifth Wheel :
_bA Novel
_h[electronic resource] /
_cOlive Higgins Prouty
260 _bProject Gutenberg,
_c2006
506 _aPublic domain in the USA.
516 _aElectronic text
653 _aWomen -- Suffrage -- United States -- Fiction
653 _aYoung women -- Fiction
653 _aNew York (N.Y.) -- Fiction
700 1 _aFlagg, James Montgomery,
_d1877-1960
830 0 _aProject Gutenberg
_v19436
856 4 0 _uhttp://www.gutenberg.org/ebooks/19436
942 _cEB
999 _c248691
_d248691